000 00556nam a22002057a 4500
003 OSt
005 20170927175040.0
008 170927b xxu||||| |||| 00| 0 eng d
020 _a9789382676133
040 _aLDCLIB
_cLDCLIB
082 _222
_a341.08
_bAGA
100 _aAgarwal, H. O.
245 _aInternational Law and Human Rights /
_cH. O. Agarwal.
250 _a19th ed.
260 _aAllahabad :
_bCentral Law Publication,
_c2013.
300 _axl., 1047 p. ;
_c25 cm.
650 _aInternational law
650 _aHuman rights
942 _2ddc
_cBK
999 _c8525
_d8525